Normale Ansicht MARC-Ansicht ISBD

Als die Kathedralen in den Himmel wuchsen : (Titelsatznr. 16045)

[ MARC ]
MARC-Details
000 -Satzkennung
Kontrollfeld mit fester Länge 00594nam a22002411c 4500
001 - Kontrollnummer
Kontrollfeld ht014704554
008 - Feld mit fester Länge zur physischen Beschreibung - Allgemeine Angaben
Kontrollfeld mit fester Länge 080508s2006 gw a||| 000u ger d
041 ## - Sprachcode
Sprachcode des Textes/der Tonspur oder des separaten Titels ger
040 ## - Katalogisierungsquelle
Übertragungsstelle RU-10907106
003 - Kontrollnummer Identifier
Kontrollfeld RU-10907106
100 1# - Haupteintragung - Personenname
Personenname Binding, Günther
245 00 - Titel
Titel Als die Kathedralen in den Himmel wuchsen :
Zusatz zum Titel Bauen im Mittelalter
264 ## - Produktion, Veröffentlichung, Distribution, Herstellung und Urheberrechtsvermerk
Herstellungs-, Veröffentlichungs- Vertriebs-, Erzeugungsort Darmstadt :
Produzent, Herausgeber, Distributor, Hersteller Wiss. Buchges.,
Datum der Herstellung, der Veröffentlichung, des Vertriebs oder des Urheberschutzvermerks 2006
300 ## - Physische Beschreibung
Umfang 136 S. : zahlr. Ill
650 #0 - Nebeneintragung unter einem Schlagwort - Sachschlagwort
Sachschlagwort oder geografischer Name als Eintragungselement Stadt
650 #0 - Nebeneintragung unter einem Schlagwort - Sachschlagwort
Sachschlagwort oder geografischer Name als Eintragungselement Kirche
650 #0 - Nebeneintragung unter einem Schlagwort - Sachschlagwort
Sachschlagwort oder geografischer Name als Eintragungselement Architektur
650 #0 - Nebeneintragung unter einem Schlagwort - Sachschlagwort
Sachschlagwort oder geografischer Name als Eintragungselement Gotik
650 #0 - Nebeneintragung unter einem Schlagwort - Sachschlagwort
Sachschlagwort oder geografischer Name als Eintragungselement Bauwesen
650 #0 - Nebeneintragung unter einem Schlagwort - Sachschlagwort
Sachschlagwort oder geografischer Name als Eintragungselement Alltag
655 #0 - Indexierungsterm - Genre/Form
Genre/Form oder fokussierter Term Bildband
942 ## - Zusätzliche Felder (Koha)
Koha-Medientyp Monographien
Exemplare
Ausgeschieden Verloren Klassifikation oder Aufstellungssystematik Beschädigt Nicht entleihbar Heimatbibliothek Aufenthaltsbibliothek Aufstellungsort Erwerbungsdatum Inventarnummer Signatur Barcode Letzte Aktivität Preis gültig von Koha-Medientyp
    Andere/Generische Klassifikation     MWN Osteuropa MWN Osteuropa Lesesaal - 1 08/05/2008 08-02771 X- W 30 C l Bin | W 30 C l Bin E004015079086574 22/02/2021 22/03/2021 Monographien